000 00946nam a22002537a 4500
005 20170124103040.0
010 _aA-829660
020 _c90.00
035 _aA-829660
037 _bCen Lib/Ret
040 _aDPL
_bHN
082 _a
_bकुमार
100 _aकुमार, कमल
_967055
245 _aक्रमशः /
_cकमल कुमार
246 _aKramshah /
_bby Kamal Kumar
260 _aनयी दिल्ली
_bभारतीय ज्ञानपीठ
_c1996
270 _bनयी दिल्ली
_a18, इंस्टीट्युशनल एरिया, लोधी रोड
_e110003
300 _a122पृ.
_c21सेमी (सजिल्द)
650 _aहिन्दी साहित्य
_967056
650 _aकहानियां
_967057
650 _aHindi literature
_967058
650 _aStories
_97500
942 _2ddc
_cHN
_h
_mकुमार
999 _c116540
_d116540